Lady Blessington at Naples /

Bibliographic Details
Main Author: Blessington, Marguerite, Countess of, 1789-1849
Other Authors: Clay, Edith
Format: Book
Language:English
Published: London : H. Hamilton, 1979.
Subjects:

MARC

Tag First Indicator Second Indicator Subfields
LEADER 00000cam a2200000 i 4500
001 in00000052861
005 20151007074203.0
008 791031s1979 enkaf b 00110aeng
010 |a  79318417  
015 |a GB*** 
020 |a 0241899753 :  |c 9.50 
035 |a (OCoLC)05751603 
035 |9 AAF1085AM 
040 |a DLC  |c DLC  |d OCL  |d TXA  |d UtOrBLW 
043 |a e-it---  |a e-uk--- 
049 |a TXAM  |c [1192016] 
050 0 0 |a DG848.48.B55  |b A332 1979 
082 0 |a 945/.73 
100 1 |a Blessington, Marguerite,  |c Countess of,  |d 1789-1849. 
240 1 4 |a The idler in Italy. v. 2.  |k Selections 
245 1 0 |a Lady Blessington at Naples /  |c edited by Edith Clay ; introd. by Harold Acton. 
264 1 |a London :  |b H. Hamilton,  |c 1979. 
300 |a 170 pages, 4 unnumbered leaves of plates :  |b illustrations ;  |c 23 cm. 
336 |a text  |b txt  |2 rdacontent 
337 |a unmediated  |b n  |2 rdamedia 
338 |a volume  |b nc  |2 rdacarrier 
500 |a Selections from volume 2 of The idler in Italy, 1839. 
504 |a Includes bibliographical references and index. 
600 1 0 |a Blessington, Marguerite,  |c Countess of,  |d 1789-1849. 
650 0 |a British  |z Italy  |z Naples  |x Biography. 
651 0 |a Naples (Italy)  |x Social life and customs  |x Sources. 
651 0 |a Kingdom of the Two Sicilies  |x History  |y 1816-1861  |x Sources. 
650 0 |a Nobility  |z Great Britain  |v Biography. 
700 1 |a Clay, Edith. 
999 |a MARS 
999 f f |s 5a82ab26-b6cd-346b-9f80-4b5acbcbb5af  |i 810fb846-e251-328c-858f-ef762105efc2  |t 0 
952 f f |p ric  |a Texas A&M University  |b Rellis Campus  |c Joint Library Facility  |d Remote Storage  |t 0  |e DG848.48.B55 A332 1979  |h Library of Congress classification  |i unmediated -- volume  |m A14801993986 
998 f f |a DG848.48.B55 A332 1979  |t 0  |l Remote Storage